Técnicas vitícolas frente al cambio climático. Técnicas de manejo de la vegetación del viñedo para mitigar los efectos de las altas temperaturas y del calentamiento climático.

Na minha lista:
Detalhes bibliográficos
Autor principal: Martínez de Toda Fernández, Fernando (autor)
Formato: Desconhecido
Idioma:inglês
Publicado em: Madrid, España: Ediciones Mundi-Prensa, 2019.
Assuntos:
Tags: Adicionar Tag
Sem tags, seja o primeiro a adicionar uma tag!

MARC

LEADER 00000 a2200000 4500
003 CL-VaPUC
005 20250314121125.0
008 250310t2019 ||||| |||| 00| 0 eng d
999 |c 445638  |d 445636 
020 |a 9788484767565 
040 |c Pontificia Universidad Católica de Valparaíso 
082 7 |a 634.8 MAR 2019  |2 22 
100 |a Martínez de Toda Fernández, Fernando  |9 493233  |e autor 
245 |a Técnicas vitícolas frente al cambio climático.  |b Técnicas de manejo de la vegetación del viñedo para mitigar los efectos de las altas temperaturas y del calentamiento climático. 
260 |a Madrid, España:  |b Ediciones Mundi-Prensa,  |c 2019. 
300 |a 175 páginas :  |b ilustraciones. 
583 |k GC  |c 20250310 
650 |a Viticultura   |x Cambio climático   |x Efectos   |9 896439 
650 |a Viñedos   |x Cambio climático  |x Efectos   |9 896440 
942 |2 ddc  |c BK 
952 |0 0  |1 0  |2 ddc  |4 0  |6 634_800000000000000_MAR_2019  |7 0  |8 A  |9 600629  |a BIBAGR  |b BIBAGR  |d 2025-03-05  |e 3  |g 42563.40  |i 5665549  |o 634.8 MAR 2019  |p 5665549  |r 2025-03-05  |t 1  |v 42563.40  |w 2025-03-05  |y BK  |k AGR